Middle grades mathematics / (Record no. 4189)
[ view plain ]
| 000 -LEADER | |
|---|---|
| fixed length control field | 01083nac a22002291u 4500 |
| 010 ## - LIBRARY OF CONGRESS CONTROL NUMBER | |
| LC control number | 92037478 |
| 020 ## - INTERNATIONAL STANDARD BOOK NUMBER | |
| International Standard Book Number | 002895792X |
| 020 ## - INTERNATIONAL STANDARD BOOK NUMBER | |
| International Standard Book Number | 0028957954 |
| 082 00 - DEWEY DECIMAL CLASSIFICATION NUMBER | |
| Classification number | 372.7 |
| Item number | O976 |
| 090 ## - LOCALLY ASSIGNED LC-TYPE CALL NUMBER (OCLC); LOCAL CALL NUMBER (OCLC) | |
| -- | 4189 |
| -- | 4189 |
| 100 ## - MAIN ENTRY--PERSONAL NAME | |
| Personal name | Owens, Douglas T. |
| 245 00 - TITLE STATEMENT | |
| Title | Middle grades mathematics / |
| Statement of responsibility, etc | Douglas T. Owens, editor ; National Council of Teachers of Mathematics, Research Interpretation Project, Sigrid Wagner, project director. |
| 260 ## - PUBLICATION, DISTRIBUTION, ETC. (IMPRINT) | |
| Place of publication, distribution, etc | New York : |
| Name of publisher, distributor, etc | Macmillan Pub. Co. ; |
| Place of publication, distribution, etc | Toronto : |
| Name of publisher, distributor, etc | Maxwell Macmillan Canada ; |
| Place of publication, distribution, etc | New York : |
| Name of publisher, distributor, etc | Maxwell Macmillan International, |
| Date of publication, distribution, etc | c1993. |
| 300 ## - PHYSICAL DESCRIPTION | |
| Extent | xvii, 350 p. : |
| Other physical details | ill. ; |
| Dimensions | 25 cm. |
| 440 #0 - | |
| -- | Research ideas for the classroom |
| 504 ## - BIBLIOGRAPHY, ETC. NOTE | |
| Bibliography, etc | Includes bibliographical references and index. |
| 650 #0 - SUBJECT ADDED ENTRY--TOPICAL TERM | |
| Topical term or geographic name as entry element | Mathematics |
| General subdivision | Study and teaching (Elementary) |
| 700 1# - ADDED ENTRY--PERSONAL NAME | |
| Personal name | Wagner, Sigrid, |
| Dates associated with a name | 1942- |
| 710 2# - ADDED ENTRY--CORPORATE NAME | |
| Corporate name or jurisdiction name as entry element | National Council of Teachers of Mathematics. |
| Subordinate unit | Research Interpretation Project. |
| 942 ## - ADDED ENTRY ELEMENTS (KOHA) | |
| Item type | Book - Borrowing |
| Call number prefix | 372.7O976 |
| Withdrawn status | Item status | Damaged status | Not for loan | Home library | Current library | Shelving location | Date acquired | Source of acquisition | Total Checkouts | Full call number | Barcode | Date last seen | Koha item type |
|---|---|---|---|---|---|---|---|---|---|---|---|---|---|
| Central Library | Central Library | First floor | 26/08/2007 | Purchase | 372.7 OWE | 000005237 | 15/07/2025 | Book - Borrowing |